[Event "8th Altibox Norway Chess 2020"]
[Site "Stavanger"]
[Date "2020.10.16"]
[Round "10"]
[White "Caruana, Fabiano"]
[Black "Tari, Aryan"]
[Result "1-0"]
[WhiteElo "2828"]
[BlackElo "2633"]
[Annotator "TA"]
[PlyCount "75"]
[EventDate "2020.10.05"]
[EventType "tourn"]
[EventCountry "NOR"]
[SourceTitle "playchess.com"]
[Source "ChessBase"]
[SourceQuality "1"]

{[%evp 13,75,20,14,-4,8,8,17,21,23,23,17,20,26,0,0,0,0,-7,0,0,37,30,17,27,16,26,56,0,20,27,28,8,10,0,51,8,14,8,150,139,145,157,163,105,117,113,118,108,189,169,173,180,347,340,304,309,29986,29986,29989,29990,29996,29997,29997,29998]} 1. e4 e5 2. Nf3 Nc6 3. Bb5 a6 4. Ba4 Nf6 5. O-O Be7 6. d3 b5 7. Bb3 d6 8. Bd2 {8.a3 is a critical line. C84: Closed Ruy Lopez: Unusual White 6th moves.} O-O 9. h3 Rb8 10. Re1 {The position is equal.} h6 11. a3 Re8 12. Nc3 Bf8 {[#]} 13. Ne2 $146 ({Predecessor:} 13. Ba2 Ne7 14. Nh4 g5 15. Nf3 Ng6 16. Nh2 c6 17. Ne2 d5 18. Ng3 dxe4 19. dxe4 {1-0 (30) Carlsen,M (2872)-Vitiugov,N (2747) Wijk aan Zee 2020}) 13... Be6 14. Ng3 d5 15. Qe2 dxe4 16. dxe4 Bxb3 (16... Qe7 {is more complex.} 17. Bxe6 Qxe6 18. b4 Red8 19. Nf5 Nd7) 17. cxb3 Nd4 18. Nxd4 exd4 19. b4 Nd7 20. Bf4 (20. Nf5 $14) 20... Rc8 21. Rad1 c5 22. bxc5 Nxc5 23. Qg4 Kh8 ({Black should play} 23... Qf6 $1 $11) 24. e5 Ne6 25. Nf5 Rc2 (25... Qd5 $11 {keeps the balance.}) 26. Nd6 $1 $36 {[%cal Rd6f7][%mdl 2048] White is in control.} Bxd6 27. exd6 Qf6 28. Bg3 (28. Qg3 $18) 28... Rd8 29. Bh4 g5 30. Bg3 Kh7 (30... Rc5 $16) 31. Qe4+ $1 $18 Qg6 {[#] With the idea ...Qxe4.} 32. Qb7 $1 Rxb2 $2 {[#]} (32... Qf6 {was called for.}) 33. Qe7 $1 {Strongly threatening Rxe6!} Rg8 34. d7 Qh5 $2 (34... Rc2 $18 35. Rxe6 {[%mdl 64] Remove Defender, Promotion} Qxe6) 35. Rxe6 {White mates.} Qxd1+ 36. Kh2 Rb1 37. Qxf7+ Rg7 38. Qf5+ {Av CentiPawn Loss W=-7/B=-51. Weighted=-9/-54} 1-0

[Event "8th Altibox Norway Chess 2020"]
[Site "Stavanger"]
[Date "2020.10.16"]
[Round "10"]
[White "Caruana, Fabiano"]
[Black "Tari, Aryan"]
[Result "1/2-1/2"]
[WhiteElo "2828"]
[BlackElo "2633"]
[Annotator "TA"]
[PlyCount "99"]
[EventDate "2020.10.05"]
[EventType "tourn"]
[EventCountry "NOR"]
[SourceTitle "playchess.com"]
[Source "ChessBase"]
[SourceQuality "1"]

{[%evp 20,98,14,14,29,1,20,0,21,22,24,20,31,25,12,26,27,18,61,50,43,15,28,0,0,0,0,0,0,0,0,0,0,-39,-35,-40,-40,-50,-40,-43,-41,-41,-40,-57,-8,-8,0,0,0,0,0,0,0,0,0,0,0,0,0,0,0,0,0,0,0,0,0,0,0,0,0,0,0,0,0,0,0,0,0,0,0]} 1. e4 e5 2. Nf3 Nc6 3. Bb5 a6 4. Ba4 Nf6 5. O-O Be7 6. Re1 b5 7. Bb3 O-O 8. a4 b4 9. a5 d6 10. c3 Rb8 11. Bc4 d5 {C90: Closed Ruy Lopez with 7...d6: Early deviations.} 12. exd5 Nxd5 13. h3 {[#]} h6 $146 ({Predecessor:} 13... Bb7 14. d4 exd4 15. cxd4 Bf6 16. Bb3 Rc8 17. Qd3 Qd6 18. Qc4 Nde7 19. Nbd2 Nxd4 20. Nxd4 Bxd4 21. Rxe7 Bxf2+ 22. Kxf2 Qxe7 {½-½ (32) Percze,J (2516)-Repp,H (2500) ICCF email 2017}) 14. d4 bxc3 15. Nxc3 Be6 {[#] Strongly threatening ...Nxc3.} 16. Nxe5 Nxe5 17. Bxd5 Bxd5 18. Rxe5 Bb3 19. Qg4 {Black must now prevent Bxh6.} Be6 20. Rxe6 fxe6 21. Bxh6 {[%csl Gh6][%cal Rg4g7]} Rf7 22. Be3 Rxb2 23. Qxe6 Bg5 24. Bxg5 Qxg5 25. Ne4 Qf5 26. d5 (26. Qe8+ {is interesting.} Rf8 27. Qc6 Rfb8 28. f3 Rb1+ 29. Rxb1 Rxb1+ 30. Kf2) 26... Qxe6 27. dxe6 $15 {[%mdl 4096] Endgame KRR-KRN} Rf5 28. Rd1 {Threatens to win with Rd8+.} Rb8 29. h4 Re8 30. Ng5 Rxa5 31. Rd7 c6 32. f4 {The position is equal.} Rd5 {...Rxd7 is the strong threat.} 33. Ra7 Rd4 34. f5 Rxh4 35. Rxa6 Rh5 36. Ne4 {aiming for Nd6.} Rxf5 37. Nd6 {[%mdl 64] [#] Double Attack} Rff8 38. Nxe8 Rxe8 39. Rxc6 $11 {KR-KR} Kh7 40. Kf2 Kg6 41. Kf3 Kf6 42. Kf4 (42. e7+ {with more complications.} Kg5 43. Rc5+ Kf6 44. Kg4 Rxe7 45. Kh4) 42... Rxe6 43. Rxe6+ Kxe6 {KP-KP} 44. Kg5 Kf7 45. g3 Kf8 46. Kg6 Kg8 47. g4 Kh8 48. Kf7 Kh7 49. g5 Kh8 $1 50. g6 {Av CentiPawn Loss W=857/B=-4. Weighted=967/-4} 1/2-1/2